Oratoria clásica
Saved in:
| Format: | Bog |
|---|---|
| Sprog: | spansk |
| Udgivet: |
Barcelona
Océano
2002
|
| Udgivelse: | 1a. ed |
| Serier: | Colección Clásicos Universales
|
| Fag: | |
| Tags: |
Tilføj Tag
Ingen Tags, Vær først til at tagge denne postø!
|
MARC
| LEADER | 00000nam a2200000 a 4500 | ||
|---|---|---|---|
| 001 | UCK0740 | ||
| 003 | CL-VaPUC | ||
| 008 | 041022e20021200SP |||||||||||||||||spa|d | ||
| 020 | |a 847505899X | ||
| 082 | 0 | 4 | |a 808.51 |b ORA |2 21 |
| 245 | 1 | 0 | |a Oratoria clásica |
| 250 | |a 1a. ed | ||
| 300 | |a 260 p | ||
| 942 | |c BK | ||
| 945 | |d 20041022 00:00:00 |a vberengu | ||
| 260 | |a Barcelona |b Océano |c 2002 | ||
| 650 | 0 | |a Oratoria |9 307605 | |
| 650 | 0 | |a Comunicación verbal |9 348502 | |
| 583 | |a last modification |c 20041022 00:00:00 |k Rodrigo Vera | ||
| 490 | 0 | |a Colección Clásicos Universales | |
| 999 | |c 311012 |d 311010 | ||
| 952 | |0 0 |1 0 |4 0 |6 808_510000000000000_ORA_2002 |7 0 |8 A |9 380189 |a BIBHIS |b BIBHIS |d 2019-11-21 |i 4071220 |o 808.51 ORA 2002 |p 4071220 |r 2025-01-20 |w 2019-11-21 |y BK |k HIS | ||